Quizzes
Events
Quiz Creation
Community
Videos
Private Events
Remove Ads
Sign In
Join for FREE
Feedback
Dark Mode
Quiz Categories
Sports
Geography
Music
Movies
Television
Just For Fun
Miscellaneous
History
Literature
Language
Science
Gaming
Entertainment
Religion
Holiday
For Kids
Quiz Lab
Recent
Popular Today
Quiz Kudos Today
Editor Picks
Curator Picks
Quizzes by...
Day
Popularity
Type
Ratings
Length
Year
Community
Subscriptions
Recent Discussions
Orange Saloon
Badges
Playlists
Quests
Create
Leaderboards
Showdown
Live 5
Trivia Bingo
Activity
Puzzle Library
Sporcle Events
Private Events
Virtual Trivia
Globe League
Become a Host
Pub Owners
SporcleCon
Opinionation
Our Games
Videos
Blog
Mobile Apps
Partnerships
Remove Ads and Go Orange
Feedback
Sports
Athletes
MLB
NBA
NHL
NFL
Soccer
Sports Teams
WWE
NCAA
Football
Premier League
Basketball
Baseball
Hockey
Golf
Tennis
Cricket
Rugby
Auto Racing
Olympics
World Cup
Sports
Athletes
MLB
NBA
NHL
NFL
Soccer
Sports Teams
WWE
NCAA
Football
Premier League
Basketball
Baseball
Hockey
Golf
Tennis
Cricket
Rugby
Auto Racing
Olympics
World Cup
Random Quiz
Search Sporcle
×
Quiz Lab
Quiz Lab
Sports
Soccer
Type in answers that appear in a list
Type in answers that appear in a list
Classic
Best Score? Go Orange.
Spanish Football Clubs 2015/2016 Stats
Can you name all of the Spanish Football Clubs in the first two tiers of La Liga for the 2015/2016 season?
By
mgrier123
10m
42 Questions
720 Plays
720 Plays
720 Plays
Comments
Comments
Give Quiz Kudos
Give Quiz Kudos
-
- Ratings
hide this ad
Replay
Link that replays current quiz
Next Quiz
Link to next quiz in quiz playlist
You Got
0%
They Got
Avg Score
62%
Avg Friend Score
Upgrade to see
Score Distribution
Jump to the score distribution portion of the page
Score
0/42
Timer
10:00
0
Plays Today
Hint
Answer
% Correct
Primera Division
Barcelona
98.6%
Primera Division
Real Madrid
97.8%
Primera Division
Atlético Madrid
95.8%
Primera Division
Valencia
93.1%
Primera Division
Sevilla
92.9%
Primera Division
Real Betis
88.3%
Primera Division
Real Sociedad
87.1%
Primera Division
Deportivo La Coruña
83.6%
Primera Division
Málaga
80.4%
Primera Division
Espanyol
79.3%
Primera Division
Villarreal
79.2%
Primera Division
Getafe
79%
Primera Division
Celta Vigo
77.6%
Primera Division
Levante
75.7%
Primera Division
Las Palmas
73.5%
Segunda Division
Mallorca
73.2%
Segunda Division
Real Zaragoza
72.5%
Primera Division
Sporting de Gijón
71.4%
Primera Division
Athletic Bilbao
70.8%
Primera Division
Granada
69.3%
Primera Division
Eibar
68.8%
Hint
Answer
% Correct
Segunda Division
Osasuna
66.9%
Primera Division
Rayo Vallecano
65.1%
Segunda Division
Bilbao Athletic
62.6%
Segunda Division
Tenerife
61.5%
Segunda Division
Alavés
60.4%
Segunda Division
Elche
59.4%
Segunda Division
Real Oviedo
56.5%
Segunda Division
UD Almería
56%
Segunda Division
Girona
54.3%
Segunda Division
Córdoba
51.3%
Segunda Division
Leganés
49.4%
Segunda Division
Albacete
47.9%
Segunda Division
Numancia
40.1%
Segunda Division
Huesca
39.9%
Segunda Division
Alcorcón
33.1%
Segunda Division
Gimnástic
32.1%
Segunda Division
Lugo
29.6%
Segunda Division
Mirandés
23.3%
Segunda Division
Ponferradina
20.7%
Segunda Division
Llagostera
11.7%
Segunda Division
Real Vallodolid
5.6%
Quiz Playlist
Details
Report
Send in Message
Add To Playlist
Classic:
Type in answers that appear in a list
Last Updated: May 30, 2017
Quiz Scoreboard
CHALLENGE
Sign Up to Join the Scoreboard
Show All
Scores
Hide
Comments
May contain spoilers
Recently Published
9x9 Crossword: Cartoon Network
by jackfrog10
Miscellaneous
3m
College Basketball Coaching Resumes
by pancakes188
Sports
9m
Billboard Blitz: Fleetwood Mac
by CooCooCachoo
Music
15s
More to Explore
Quiz From the Vault
Featured Blog Post
Where Did the Easter Bunny Come From?
hide this ad
You Might Also Like...
Tags
Football Quiz
Soccer Quiz
Spanish Quiz
Football League
Football Team
La Liga
League
Spain
team
UEFA
Today's Top Quizzes in Sports
Browse Sports
hide this ad
Today's Top Quizzes in Soccer
Browse Soccer
Top Contributed Quizzes in Sports
1
2022 World Cup Stars
2
Les meilleurs buteurs des matchs entre le PSG et l’OM
3
FIFA Club World Cup Champions
4
Les entraîneurs de l'OM et du PSG au 21e siècle
5
Criteria MLB: Left Handed Sluggers
6
AFC Teams Reveal (Wrong Answers Minefield)
7
2023 MLB Unique Player Accomplishments
8
5-to-1: FBS Animal Nicknames
9
Players with Multiple 50 Home Run Seasons
10
5-to-1: UK Sports Teams
Explore More
Trending Topics
Marvel
Harry Potter
Anime
Disney
Crossword
Kpop
NBA
Pokémon
Country
WWE
The Office
Song
Soccer
Puzzle
NFL
hide this ad
More By:
mgrier123
Quiz
Plays
Rating
Category
Featured
Created
English Football Clubs 2017/2018
2,141
4.60
Sports
Jul 6, 2015
European League Clubs 2016/2017
1,812
3.63
Sports
Jul 10, 2015
European Football Clubs 2016/2017
925
2.33
Sports
Jul 8, 2015
Spanish Football Clubs 2015/2016
720
3.38
Sports
Jul 6, 2015
English Football Stadiums 2016/2017
564
5.00
Sports
Apr 19, 2016
Go to Creator's Profile
Score Distribution
Quiz Creator Spotlight
mgrier123
Follow
Send a Message
Quizzes Created
-
Created Quiz Play Count
-
More By This Creator
Popular Quizzes Today
1
Find the US States - No Outlines Minefield
2
Find the Countries of Europe - No Outlines Minefield
3
The Countries of the World
4
Find the US States
5
Risky Map Clicking: Biggest States A-Z
6
US States
7
Popular People in 1961
8
Movies - When Are They Set?
More Sports Quizzes
Big Five Top Scorers 1981-1982
Quiz Lab
Trending Quizzes
Risky Map Clicking: Least Populous States A-Z
1-10 Letter G Words
1-10 Letter F Words
Risky Map Clicking: Next State Alphabetically
Adjectives in 80s TV Shows
Recently Updated
Leaping Animals
pecheneg
Reality TV Shows (A-Z)
bhenderson79
Rickey Henderson's Hall of Fame Teammates
pecheneg
Champions League XIs: Arsenal
pecheneg
Quick Pick: Celebrities in WWE's Hall of Fame
aduchscher
A-Z Keypad Blitz II
pecheneg
Multiple Oscar Actors
pecheneg
Mystery Phrase Blitz: Oscar 'Best Actors'
pecheneg
F. Scott Fitzgerald Novels
LTH
Pick 3 Villains
ddd62291
Trending Topics
Anime
Marvel
Crossword
Disney
NBA
Harry Potter
Kpop
NFL
WWE
Song
Puzzle
Country
The Office
Soccer
Pokémon
Your Account Isn't Verified!
In order to create a playlist on Sporcle, you need to verify the email address you used during registration. Go to your
Sporcle Settings
to finish the process.
Report this User
Report this user for behavior that violates our
Community Guidelines
.
Details:
Send Report
Go to the Sporcle.com Mobile Site →
Comments